000 00298nam a22001217a 4500
008 160613b xxu||||| |||| 00| 0 eng d
020 _a9780803623385
020 _a0803623380
041 _aeng
080 _a618.2
245 _aEssentials of psychiatric mental
_cMary C. Townsend;
942 _2udc
_cBK
999 _c2486
_d2486